History of the Filipino people (Record no. 7150)
[ view plain ]
| 000 -LEADER | |
|---|---|
| fixed length control field | 00675nam a22002657a 4500 |
| 003 - CONTROL NUMBER IDENTIFIER | |
| control field | OSt |
| 005 - DATE AND TIME OF LATEST TRANSACTION | |
| control field | 20140310181925.0 |
| 008 - FIXED-LENGTH DATA ELEMENTS--GENERAL INFORMATION | |
| fixed length control field | 121211t xxu||||| |||| 00| 0 eng d |
| 020 ## - INTERNATIONAL STANDARD BOOK NUMBER | |
| International Standard Book Number | 9718711066 |
| 050 ## - LIBRARY OF CONGRESS CALL NUMBER | |
| Classification number | DS668 |
| Item number | .Ag275 1990 |
| 082 ## - DEWEY DECIMAL CLASSIFICATION NUMBER | |
| Classification number | FIL 959.9 |
| Item number | Ag7 1990 |
| 245 ## - TITLE STATEMENT | |
| Title | History of the Filipino people |
| Statement of responsibility, etc | Agoncillo, Teodoro A. |
| 260 ## - PUBLICATION, DISTRIBUTION, ETC. (IMPRINT) | |
| Place of publication, distribution, etc | Quezon city |
| Name of publisher, distributor, etc | GAROTECH Publishing |
| Date of publication, distribution, etc | 1990 |
| 300 ## - PHYSICAL DESCRIPTION | |
| Extent | xii, 637 p. |
| Dimensions | 22 cm. |
| 521 ## - TARGET AUDIENCE NOTE | |
| Target audience note | |
| 526 ## - STUDY PROGRAM INFORMATION NOTE | |
| Reading level | 1210L-1700L |
| 541 ## - IMMEDIATE SOURCE OF ACQUISITION NOTE | |
| -- | 1 |
| 541 ## - IMMEDIATE SOURCE OF ACQUISITION NOTE | |
| -- | 2 |
| 541 ## - IMMEDIATE SOURCE OF ACQUISITION NOTE | |
| -- | 3 |
| 541 ## - IMMEDIATE SOURCE OF ACQUISITION NOTE | |
| -- | 4 |
| 541 ## - IMMEDIATE SOURCE OF ACQUISITION NOTE | |
| -- | 5 |
| 541 ## - IMMEDIATE SOURCE OF ACQUISITION NOTE | |
| -- | 6 |
| 562 ## - COPY AND VERSION IDENTIFICATION NOTE | |
| Number of copies | 6 |
| 942 ## - ADDED ENTRY ELEMENTS (KOHA) | |
| Source of classification or shelving scheme | Library of Congress Classification |
| Koha item type | |
| Call number prefix | Filipininana |
| Withdrawn status | Lost status | Source of classification or shelving scheme | Damaged status | Home library | Current library | Shelving location | Date acquired | Total Checkouts | Total Renewals | Full call number | Barcode | Date last seen | Date checked out | Copy number | Price effective from | Koha item type |
|---|---|---|---|---|---|---|---|---|---|---|---|---|---|---|---|---|
| Library of Congress Classification | Luxembourg Library | Luxembourg Library | Filipiniana Section | 07/20/2013 | 1 | 2 | DS 668 .Ag275 1990 | 18240 | 12/13/2019 | 11/12/2015 | 6 | 07/20/2013 | Books |